Представление документа в формате RUSMARC

ПолеНазваниеЗначение
  Тип записи a
  Библиографический уровень m
001 Контрольный номер RU/IS/BASE/496754970
005 Дата корректировки 20240209174608.7
010 Индекс ISBN __
a ISBN 978-5-17-079764-6
b Уточнения в пер.
d Цена 127 р. 71 к.
9 Тираж 7 000 экз.
100 Данные общей обработки __
a Данные общей обработки 20150928d2015 ||| 0rusy0189 ca
101 Язык документа 0_
a Язык текста rus
102 Страна публикации __
a Страна публикации RU
105 Кодированные данные (монография) __
a Кодированные данные (монография) y###||||000|y
200 Заглавие и сведения об ответственности 1_
a Заглавие Плиточные работы
b Общее обозначение материала Текст
e Сведения, относящиеся к заглавию лучшие идеи для самостоятельного решения
f Первые сведения об ответственности В. М. Жабцев
g Последующие сведения об ответственности отв. за вып. И. В. Резько
210 Выходные данные 1_
a Место издания Москва
c Издательство АСТ
d Дата издания 2013
215 Физическое описание __
a Объем 47 с.
c Иллюстрации/тип воспроизводства ил.
d Формат 21 см.
225 Серия 0_
a Серия Сделай сам
300 Общие примечания __
a Общие примечания Ограничения по возрасту - 16+
300 Общие примечания __
a Общие примечания На обл. и тит. л. авт. не указан
300 Общие примечания __
a Общие примечания На обл.: Плиточные работы своими руками
606 Тематические рубрики 0_
a Основная рубрика Облицовочные работы
610 Ключевые слова 0_
a Ключевые слова строительство
a Ключевые слова облицовка
a Ключевые слова плиточные работы
a Ключевые слова керамические плитки
a Ключевые слова виды керамической плитки
a Ключевые слова технология укладки плитки
686 Индексы других классификаций __
a Классификационный индекс 38.639
2 Код системы ББК
700 Автор _0
a Фамилия Жабцев
b Имя (инициалы) Владимир Митрофанович
g Полное личное имя В. М.
801 Источник записи _0
a Страна RU
b Организация МБУК ЦБС
c Дата составления 20150928
g Правила каталогизации RCR
801 Источник записи _1
a Страна RU
b Организация МБУК ЦБС г. Ульяновска
c Дата составления 20150928
g Правила каталогизации RCR
899 Данные о местонахождении __
i Авторский знак Ж 12
j Расстановочный фильтр 38.639
901 Тип документа __
t Тип документа m
910 Корректоры записи __
a Корректор записи Хисамова